مكتبة جامعة عجلون الوطنية

فهرس بحث المكتبة

Normal view MARC view
  • تألبف نجم، عبود نجم

Entry Personal Name

Number of records used in: 1

001 - CONTROL NUMBER

  • control field: 45656

003 - CONTROL NUMBER IDENTIFIER

  • control field: JO-AjAnu

005 - DATE AND TIME OF LATEST TRANSACTION

  • control field: 20230606081542.0

008 - FIXED-LENGTH DATA ELEMENTS

  • fixed length control field: 230606|| aca||aabn | a|a d

040 ## - CATALOGING SOURCE

  • Original cataloging agency: JO-AjAnu
  • Transcribing agency: JO-AjAnu

100 ## - HEADING--PERSONAL NAME

  • Personal name: تألبف نجم، عبود نجم

670 ## - SOURCE DATA FOUND

  • Source citation: Work cat.: (JO-AjAnu)23375: تألبف نجم، عبود نجم, author, مدخل الى الاساليب الكمية مع التطبيقات باستخدام (Microsoft Excel):النماذج الاحتمالية ،الكتاب الثاني